'I' Pictures by Category Quiz Stats

Quiz Updated Apr 11, 2015

Challenge
Share
Tweet
Score 0/25 Timer 04:00
3 Plays Today
% Correct
Ice Cream
98.4%
Iced Tea
92.9%
Inspector
91.4%
Ironing
88.8%
Italy
86.8%
iTunes
86.7%
Idaho
85.9%
Inflating
84.6%
Interviewing
83.4%
Iceberg Lettuce
82.3%
IKEA
81.6%
Ireland
80.2%
Indian Ocean
79.7%
% Correct
Instagram
77.8%
Intel
76.7%
Inventor
74.7%
Intercepting
72.9%
Illustrator
67%
Invading
64.1%
Ice Sculptor
62.2%
Infiniti
57.9%
Instructor
57.1%
Irish Cream
55.8%
Italian Dressing
50.9%
Iberian Peninsula
49.7%

You're not logged in!

Compare scores with friends on all Sporcle quizzes.
Join for Free
OR
Log In

You Might Also Like...

Show Comments

Extras

Top Quizzes Today


Score Distribution

Your Account Isn't Verified!

In order to create a playlist on Sporcle, you need to verify the email address you used during registration. Go to your Sporcle Settings to finish the process.

Report this User

Report this user for behavior that violates our Community Guidelines.

Details: